Teória vyučovania Vybrané kapitoly

Podrobná bibliografia
Hlavný autor: Svítek, Vojtech (Autor)
Médium: Kniha
Jazyk:slovenčina
Fyzický popis:145 s., 11,73 AH 29 cm
Vydavateľské údaje: Bratislava S.l. Príroda VŠP v Nitre [vyd.] 1988
Vydanie:2. vyd.

MARC

LEADER 00000nam a2200000 a 4500
001 vtls001079689
003 SK-MaSNL
005 20260301151524.0
008 250414s1988 xo 0 slo
015 |a SNBA1989/01 
035 |a SNK000022526 
040 |a SNK  |b slo  |c SNK  |e AACR2 
041 0 |a slo 
044 |a xo  |c SK 
080 |a 37.01(075.8)  |2 1981 
100 1 |a Svítek, Vojtech  |4 aut  |9 340585 
245 1 0 |a Teória vyučovania  |b Vybrané kapitoly  |c Vojtech Svítek 
250 |a 2. vyd. 
260 |a Bratislava  |b Príroda  |a S.l.  |b VŠP v Nitre [vyd.]  |c 1988  |e Nitra  |f Nitrianske tlačiarne 
300 |a 145 s., 11,73 AH  |c 29 cm 
366 |e 150 výtl. 
500 |a Lit. 19. Schválil rektor VŠP v Nitre ako skriptá. 19 zázn. v slov., češ. a ruš. 
852 |a Slovenská národná knižnica 
958 |a OND 
958 |a NB 
958 |a RM 
958 |a UV 
999 |c 786842  |d 788772 
952 |t P60, <04>, [BOOK], {604}  |a SNK  |b SNK  |y VYP  |7 0  |p 17A0034884  |o snkSB 44181 D1  |0 0  |1 0  |4 0  |d 1997-01-30  |l 0  |r 2004-12-31 00:00:00  |w 2026-02-24 
952 |a SNK  |b SNK  |y PREZ  |7 0  |p 17A0852955  |o snkSB 44181   |0 0  |1 0  |4 0  |d 2012-07-10  |f 1  |l 0  |r 2025-05-09 00:00:00  |w 2026-02-24